000 01091naa a22002777a 4500
001 BR8706982
003 BR-BrBNA
005 20240918175901.0
007 ta
008 230509b bl.||||| |||| 00| 0 por d
040 _aBR-BrBNA
_bpor
_cBiblioteca Nacional de Agricultura
041 _a(Pt)
072 _aP06
090 _aP06 BR8706982
100 1 _aArmond, G.
100 1 _aBraga, C.A.S.
111 1 _a15. Congresso Brasileiro de Engenharia Agricola; 1. Feira Nacional de Equipamentos e Tecnicas Agropecuarias
_cSao Paulo, SP (Brazil)
_d8 Jul 1986
245 1 _aVerificacao da possibilidade de gerar energia eletrica diretamente de biodigestores
260 3 _aSao Paulo, SP (Brasil):
_c1986.
500 _aAnais do 15. Congresso Brasileiro de Engenharia Agricola Sao Paulo, SP (Brasil): 1986. p. 250-257 (BR8706982-AM)P06
650 _aBIODIGESTOR
650 _aENERGIA ELETRICA
773 0 _tAnais do 15. Congresso Brasileiro de Engenharia Agricola
_wP06 BR8706982
_gSao Paulo, SP (Brasil), 1986. p. 250-257
909 _a202404
_bLucia
_c55
_dLucia Elande
942 _cAM
_2AGRIS
999 _c318581
_d318581